| 000 | 00631cam a22002173a 4500 | ||
|---|---|---|---|
| 001 | 36503 | ||
| 003 | PGUSA | ||
| 005 | 20140828083805.0 | ||
| 008 | 110623s2011||||xxu|||||s|||||000 | eng d | ||
| 040 |
_aPGUSA _beng |
||
| 042 | _adc | ||
| 100 | 1 |
_aIngram, Eleanor M. _q(Eleanor Marie), _d1886-1921 |
|
| 245 | 1 | 2 |
_aA Man's Hearth _h[electronic resource] / _cEleanor M. Ingram |
| 260 |
_bProject Gutenberg, _c2011 |
||
| 506 | _aPublic domain in the USA. | ||
| 516 | _aElectronic text | ||
| 700 | 1 |
_aFrederick, Edmund, _d1870- |
|
| 830 | 0 |
_aProject Gutenberg _v36503 |
|
| 856 | 4 | 0 | _uhttp://www.gutenberg.org/ebooks/36503 |
| 942 | _cEB | ||
| 999 |
_c265758 _d265758 |
||